Fiqhee maqalaat (Record no. 584559)

000 -LEADER
fixed length control field 00729nam a22001817a 4500
003 - CONTROL NUMBER IDENTIFIER
control field CEME
005 - DATE AND TIME OF LATEST TRANSACTION
control field 20210628210454.0
008 - FIXED-LENGTH DATA ELEMENTS--GENERAL INFORMATION
fixed length control field 210208b xxu||||| |||| 00| 0 eng d
040 ## - CATALOGING SOURCE
Transcribing agency .
082 ## - DEWEY DECIMAL CLASSIFICATION NUMBER
Classification number 297.14 USM
100 ## - MAIN ENTRY--PERSONAL NAME
Personal name Usmani, Mufti Muhammad Taqi Muhammad Taqi Usmani, Mufti
9 (RLIN) 79527
245 ## - TITLE STATEMENT
Title Fiqhee maqalaat
250 ## - EDITION STATEMENT
Edition statement 2-VOLS
260 ## - PUBLICATION, DISTRIBUTION, ETC.
Place of publication, distribution, etc. KARACHI
Name of publisher, distributor, etc. MEMON ISLAMIC PUBLISHERS
Date of publication, distribution, etc. 1994
300 ## - PHYSICAL DESCRIPTION
Extent 1994
650 ## - SUBJECT ADDED ENTRY--TOPICAL TERM
Topical term or geographic name entry element ISLAM-BANKING SYSTEM ISLAM-PURCHASING IN INSTALMENTS ISLAMIC BANKING ISLAM-JARABOO PER MASAW ISLAM-SAJDA SAHEV MISAYAL ISLAM-ZAKAT THROUGH BANKS ISLAM-KHULLAH KEY HAKIKAT ISLAM-VOTE KEY ISLAMIC HASIAT ISLAM-PLS ACCOUNT KEY HAKIKAT ISLAM-HOUSE FINANCING KAY JAIZ TAREKAY
9 (RLIN) 79528
942 ## - ADDED ENTRY ELEMENTS (KOHA)
Koha item type Book
Source of classification or shelving scheme
Holdings
Withdrawn status Lost status Damaged status Not for loan Permanent Location Current Location Shelving location Date acquired Total Checkouts Full call number Barcode Date last seen Price effective from Koha item type
        College of Electrical & Mechanical Engineering (CEME) College of Electrical & Mechanical Engineering (CEME) General Stacks 07/04/2017   297.14 USM CEME-34096 06/28/2021 06/28/2021 Book
        College of Electrical & Mechanical Engineering (CEME) College of Electrical & Mechanical Engineering (CEME) General Stacks 07/04/2017   297.14 USM CEME-34097 06/28/2021 06/28/2021 Book
© 2023 Central Library, National University of Sciences and Technology. All Rights Reserved.